=LDR 00000nam 2200000 4500 =001 INLIS000000000001873 =005 20130612090244 =008 ***********************************Ind** =035 ##$$a0010-061300000001873 =041 ##$$a Ind =082 ##$$a 613.704 6 =090 ##$$a 613.704 6, Kir y =100 ##$$a Kirschner,M.J =245 ##$$a Yoga untuk kesehatan dan kekuatan, M.J.Kirschner =260 ##$$a 1997 $b Bandung =300 ##$$a 175 hlm, ilus, 21 cm =650 ##$$a Yoga =850 ##$$a NBPNMAT =990 ##$$a 21194807/BPAP-NTB/2014